Statistics for Types of Things #3

Click here to take the quiz!

General Stats

  • This quiz has been taken 66,663 times
  • The average score is 15 of 20

Answer Stats

These are Types ofThis% Correct
Incandescent, Fluorescent, LEDLight Bulb
97%
Femur, Tibia, MandibleBone
96%
Right, Equilateral, IsoscelesTriangle
95%
Persian, Siamese, American ShorthairCat
95%
Tidal, Whitecap, TsunamiWave
90%
Incisor, Molar, BicuspidTooth
89%
MD, PhD, MBADegree
88%
Grammar, High, MiddleSchool
86%
Bomber, Smoking, LeatherJacket
81%
Jab, Cross, HookPunch
80%
Suspension, Arch, DrawBridge
76%
Office, High, RockingChair
74%
French, Butterfly, EskimoKiss
73%
Cocktail, Sun, GownDress
72%
Broad, Rapier, EpeeSword
64%
Phobos, Titan, EuropaMoon
61%
Gardening, Rubber, BaseballGlove
61%
Aerial, Wedding, NaturePhotography
53%
Nubuck, Patent, BondedLeather
34%
Whiteface, Auguste, TrampClown
11%

Score Distribution

Percentile by Number Answered

Percent of People with Each Score

Your Score History

You have not taken this quiz